សេះនិងចង្រិត : (Record no. 9000)

MARC details
000 -LEADER
fixed length control field 02325nam a22003137a 4500
001 - CONTROL NUMBER
control field 9000
003 - CONTROL NUMBER IDENTIFIER
control field FISKH
005 - DATE AND TIME OF LATEST TRANSACTION
control field 20251113120057.0
008 - FIXED-LENGTH DATA ELEMENTS--GENERAL INFORMATION
fixed length control field 251113b cb ||||| |||| 00| 0 eng d
020 ## - INTERNATIONAL STANDARD BOOK NUMBER
International Standard Book Number 9789996301650
040 ## - CATALOGING SOURCE
Original cataloging agency FISKH
Language of cataloging khr
Transcribing agency FISKH
Modifying agency FISKH
050 ## - LIBRARY OF CONGRESS CALL NUMBER
Classification number PZ7
082 ## - DEWEY DECIMAL CLASSIFICATION NUMBER
Classification number 823
100 ## - MAIN ENTRY--PERSONAL NAME
Personal name Saren, Koam
245 ## - TITLE STATEMENT
Title សេះនិងចង្រិត :
Remainder of title Horse and cricket /
Statement of responsibility, etc. និពន្ធដោយ​ លោក គាំ សារ៉ែន
260 ## - PUBLICATION, DISTRIBUTION, ETC.
Place of publication, distribution, etc. Phnom Penh :
Name of publisher, distributor, etc. Reading Books ,
Date of publication, distribution, etc. 2012.
300 ## - PHYSICAL DESCRIPTION
Extent 20 pages :
Other physical details color illustrations ;
Dimensions 25 cm .
490 ## - SERIES STATEMENT
Series statement ពិភពរឿងនិទាន
505 ## - FORMATTED CONTENTS NOTE
Formatted contents note H <br/>
520 ## - SUMMARY, ETC.
Summary, etc. សេះលឺចង្រិតច្រៀងពិរោះលឺច្រេកៗក៏សួរ ។ ចង្រិតក៏ឆ្លើយថាមកពីវាលិឍទឹកសន្សើម ។​ សេះក៏ធ្វើតាមតែសំលេងនៅតែមិនដូច វាក៏គិតថាមកពីវាសុីស្មៅ ដូច្នេះវាក៏សម្រេចចិត្តឈប់សុីស្មៅរហូតធ្លាក់ខ្លួនឈឺ ។ ម្ចាស់វាក៏នាំវាទៅជួបពេទ្យសត្វ ហើយក៏បានពន្យល់វា​ពីសារះប្រយោជន៏របស់សេះ ​។​​​​​​​​​
520 ## - SUMMARY, ETC.
Summary, etc. he horse heard the cricket singing beautifully with a cheerful chirping sound and asked it where it came from. The cricket replied that its lovely voice came from drinking fresh dew.<br/>The horse tried to do the same, but its voice still didn’t sound as beautiful. Then it thought that maybe the cricket’s voice came from eating grass, so it decided to stop eating grass altogether. As a result, the horse became weak and ill.<br/>Its owner took it to see a veterinarian, who explained to the horse the importance and benefits of eating grass for its health.
521 8# - TARGET AUDIENCE NOTE
Target audience note 480 <br/>
Source Lexile estimate <br/>
521 8# - TARGET AUDIENCE NOTE
Target audience note H <br/>
Source Raz-Plus <br/>
650 ## - SUBJECT ADDED ENTRY--TOPICAL TERM
Topical term or geographic name entry element សេះនិងចង្រិត
Form subdivision រឿងនិទានកុមារ
650 ## - SUBJECT ADDED ENTRY--TOPICAL TERM
Form subdivision The horse and cricket
General subdivision Children's Stories
700 ## - ADDED ENTRY--PERSONAL NAME
Personal name Charkriya, Vat
Relator term Illustrator
942 ## - ADDED ENTRY ELEMENTS (KOHA)
Source of classification or shelving scheme Dewey Decimal Classification
Koha item type Khmer Books
Suppress in OPAC No
Holdings
Withdrawn status Lost status Source of classification or shelving scheme Damaged status Not for loan Collection Home library Current library Shelving location Date acquired Total Checkouts Full call number Barcode Date last seen Copy number Price effective from Koha item type
    Dewey Decimal Classification     Khmer-English Bilingual / ភាសាខ្មែរ-អង់គ្លេស Footprints International School Library Network Toul Tom Poung Campus Footprints International School Library Network Toul Tom Poung Campus TTP Primary Khmer Bookshelves 11/13/2025   SAR PZ7 823 FISBK03805 11/13/2025 1 11/13/2025 Khmer Books
    Dewey Decimal Classification     Khmer-English Bilingual / ភាសាខ្មែរ-អង់គ្លេស Footprints International School Library Network Toul Tom Poung Campus Footprints International School Library Network Toul Tom Poung Campus TTP Primary Khmer Bookshelves 11/13/2025   SAR PZ7 823 FISTK04541 11/13/2025 2 11/13/2025 Khmer Books
    Dewey Decimal Classification     Khmer-English Bilingual / ភាសាខ្មែរ-អង់គ្លេស Footprints International School Library Network Toul Tom Poung Campus Footprints International School Library Network Toul Tom Poung Campus TTP Primary Khmer Bookshelves 11/13/2025   SAR PZ7 823 FISBK03728 11/13/2025 3 11/13/2025 Khmer Books